Saltar ao contenido

Теория вероятностей и математическая статистика Учебно-методическая литература

В шпаргалке в краткой и удобной форме приведены ответы на все основные вопросы предусмотренные государственным образовательным стандартом и учебной программой по дисциплине «Теория вероятностей и математическая статистика». Книга позволит быстро получить основные знания по предмету повторить пройден...

Descrición completa

Gardado en:
Detalles Bibliográficos
Autor Principal: Без автора
Formato: Учебно-методическая литература
Edición:1
Series:Шпаргалка [отрывная]
Acceso en liña:https://znanium.com/catalog/document?id=197621
https://znanium.com/cover/0614/614912.jpg
Метки: Engadir etiqueta
Sen Etiquetas, Sexa o primeiro en etiquetar este rexistro!
LEADER 02991nam0a2200505 i 4500
001 RU\infra-m\znanium\bibl\614912
003 https://znanium.com/catalog/document?id=197621
005 20240716000000.0
010 |a 978-5-369-00283-4 
010 |a 978-5-16-112790-2  |b электр. издание 
100 |a 20240716d2017 m y0rusy0150 ca 
101 0 |a rus 
102 |a RU 
200 1 |a Теория вероятностей и математическая статистика  |e Учебно-методическая литература 
205 |a 1 
210 1 |a Москва  |c Издательский Центр РИОР  |d 2016 
215 |a 155 с. 
225 1 |a Шпаргалка [отрывная] 
330 |a В шпаргалке в краткой и удобной форме приведены ответы на все основные вопросы предусмотренные государственным образовательным стандартом и учебной программой по дисциплине «Теория вероятностей и математическая статистика». Книга позволит быстро получить основные знания по предмету повторить пройденный материал а также качественно подготовиться и успешно сдать зачет и экзамен. Рекомендуется всем изучающим и сдающим дисциплину «Теория вероятностей и математическая статистика» в высших и средних учебных заведениях. 
333 |a Профессиональное образование 
606 |a Физико-математические науки  |x Теория вероятностей. Математическая статистика  |2 local 
608 |a Учебно-методическая литература  |2 local 
675 |a 3.11(075.8)  |z rus 
686 |a 60.6я73  |2 rubbk 
686 |a 01.03.01  |2 okso 
686 |a 01.03.02  |2 okso 
686 |a 01.03.03  |2 okso 
686 |a 01.03.04  |2 okso 
686 |a 02.03.01  |2 okso 
686 |a 02.03.02  |2 okso 
686 |a 02.03.03  |2 okso 
686 |a 03.03.02  |2 okso 
686 |a 03.03.03  |2 okso 
686 |a 04.03.02  |2 okso 
686 |a 09.02.03  |2 okso 
686 |a 09.03.03  |2 okso 
686 |a 09.03.04  |2 okso 
686 |a 11.03.02  |2 okso 
686 |a 38.03.01  |2 okso 
686 |a 39.03.03  |2 okso 
686 |a 45.03.04  |2 okso 
700 1 |a Без автора 
801 0 |a RU  |b Общество с ограниченной ответственностью «ЗНАНИУМ»  |c 20160616  |2 rusmarc 
856 4 |a znanium.com  |m ebs_support@infra-m.ru  |n НИЦ ИНФРА-М  |u https://znanium.com/catalog/document?id=197621 
856 4 1 |a znanium.com  |d /cover/0614  |f 614912.jpg  |q image/jpeg  |u https://znanium.com/cover/0614/614912.jpg